01462nam a2200253 i 4500001001000000003000900010005001700019007000300036008004100039040003000080041000800110082002400118245009700142264007000239300004400309336002700353337003300380338002800413500012300441505048900564600003801053651005401091651006301145000030098DO-SdBNP20260414133605.0ta110429t1967 dr a 010 0dspa d aDO-SdBNPbspacBNPHUerda aspa 4a972.9304bR436d22203aLa restauración dominicana su primer centenario :bhomenaje del Ateneo de La Habana, 1963. aSanto Domingo de Guzmán, República Dominicana :bs.n.,c1967. a38 páginas :bilustraciones ;c22 cm. atextobtxt2rdacontent asin mediaciónbn2rdamedia avolumenbnc2rdacarrier aA la cabeza de la portada : Juan Pablo Duarte sequiscentenario de su nacimiento, homenaje del Ateneo de Marianao 1963.0 aGloria a Dios--rE. Henríquez García --tAdjetivos martianos que califican a Duarte /rLuis Rodríguez Rivero --tProscriptos y otros poemas /rJuan Pablo Duarte --tLa gloriosa restauración dominicana /rE. Henríquez García --tPalabras iniciales del homenaje /rDr. José Mª Chacón y Calvo --tLa guerra de restauración dominicana /rJuan Jeréz Villareal --tA la patria, Dieciseis de agosto, En la muerte de Espaillat (poemas) --rSalomé Ureña y Henríquez.10aDuarte, Juan Pablo, d1813-1876 0aRepública Dominicana --xHistoria --y1844-1930 0aRepública DominicanaxHistoriayRestauración 1863-1865